MANAGERIAL ECONOMICS (Record no. 32538)
[ view plain ]
| 000 -LEADER | |
|---|---|
| fixed length control field | 00304nam a2200121Ia 4500 |
| 008 - FIXED-LENGTH DATA ELEMENTS--GENERAL INFORMATION | |
| fixed length control field | 240624s9999 xx 000 0 und d |
| 041 ## - LANGUAGE CODE | |
| Language code of text/sound track or separate title | eng |
| 082 ## - DEWEY DECIMAL CLASSIFICATION NUMBER | |
| Classification number | 338.5024658 DEA338.5024658 DEA |
| 100 ## - MAIN ENTRY--PERSONAL NAME | |
| Personal name | DATTA DEBABRATA |
| 245 ## - TITLE STATEMENT | |
| Title | MANAGERIAL ECONOMICS |
| 260 ## - PUBLICATION, DISTRIBUTION, ETC. | |
| Date of publication, distribution, etc. | 2017 |
| Place of publication, distribution, etc. | New Delhi |
| Name of publisher, distributor, etc. | PHI |
| 365 ## - TRADE PRICE | |
| Currency code | RS |
| Price amount | 30 |
| Withdrawn status | Lost status | Damaged status | Not for loan | Home library | Current library | Shelving location | Date acquired | Cost, normal purchase price | Full call number | Barcode | Date last seen | Copy number | Price effective from | Koha item type |
|---|---|---|---|---|---|---|---|---|---|---|---|---|---|---|
| IMTN | IMTN | Rack 10-B | 12/27/2021 | 695.00 | 338.5024658 DEA338.5024658 DEA | 32538 | 06/24/2024 | 1 | 06/24/2024 | Books |